Jednostki specjalne Wojska Polskiego - Statystyki

Ogólne statystyki
  • Ten quiz został rozwiązany 238 razy
  • Średni wynik to 4 z 6
Statystyki odpowiedzi
Obrazkowy Odpowiedź % Poprawnych
GROM
99%
Formoza
81%
AGAT
65%
Nil
58%
Jednostka Wojskowa Komandosów
57%
7 Eskadra Działań Specjalnych
17%
Nie znaleziono quizów pasujących do podanych kryteriów
Rozkład punktacji
Procent ludzi z każdym wynikiem
Percentyl według liczby udzielonych odpowiedzi
Twoja historia wyników
Nie rozwiązałeś tego quizu